Sufaid Din Ki Hawa Aur Siah Shab Ka Samandar (Record no. 325062)

000 -LEADER
fixed length control field 00308 a2200121 4500
001 - CONTROL NUMBER
control field 89989
082 ## - DEWEY DECIMAL CLASSIFICATION NUMBER
Classification number 891.4391 MUN
090 ## - LOCALLY ASSIGNED LC-TYPE CALL NUMBER (OCLC); LOCAL CALL NUMBER (RLIN)
-- 42450
-- 42450
100 ## - MAIN ENTRY--PERSONAL NAME
Personal name Munir Niazi
245 ## - TITLE STATEMENT
Title Sufaid Din Ki Hawa Aur Siah Shab Ka Samandar
Medium Urdu
260 ## - PUBLICATION, DISTRIBUTION, ETC.
Place of publication, distribution, etc. Islamabad
Name of publisher, distributor, etc. Dost Publications
Date of publication, distribution, etc. 2008
300 ## - PHYSICAL DESCRIPTION
Extent 72p.
942 ## - ADDED ENTRY ELEMENTS (KOHA)
Institution code [OBSOLETE] CAE NUST
Call number prefix 891.4391 MUN
Holdings
Withdrawn status Lost status Damaged status Not for loan Collection code Permanent Location Current Location Date acquired Total Checkouts Full call number Barcode Date last seen Price effective from Koha item type
          College of Aeronautical Engineering (CAE) College of Aeronautical Engineering (CAE) 04/03/2017   891.4391 MUN CAE86599 04/05/2017 04/05/2017 Book
© 2023 Central Library, National University of Sciences and Technology. All Rights Reserved.